| 000 | 00939cam a22002897a 4500 | ||
|---|---|---|---|
| 003 | CHAP | ||
| 005 | 20220329141944.0 | ||
| 008 | 980929d1867 mx r 00010 spa d | ||
| 010 | _a76229 | ||
| 011 | _a77201 | ||
| 035 | _a86804 | ||
| 040 | _cCHAP | ||
| 082 | 0 | 4 |
_a342.726 _bY82 |
| 110 | 0 |
_aYucatán. Constitución _9123328 |
|
| 245 | 1 | 0 |
_aConstitución política del estado de Yucatán : _bsancionada en 21 de abril de 1862 |
| 260 |
_aMérida, Yuc. : _bImprenta Literaria a cargo de Mariano Guzmán, _c1867. |
||
| 300 | _a28 p. | ||
| 590 |
_aBATCH-UPD _b10 _c20130110 _lUCH01 _h1920 |
||
| 590 |
_aBATCH-UPD _b10 _c20130410 _lUCH01 _h1246 |
||
| 590 |
_aBATCH-UPD _b10 _c20130914 _lUCH01 _h2111 |
||
| 590 |
_aCONVERSION _b10 _c20130109 _lUCH01 _h1342 |
||
| 650 | 1 | 4 |
_aYucatán _xPolítica y gobierno. _9123327 |
| 901 | _aBK | ||
| 905 | _aGuadalupe Pinto C. | ||
| 942 | _cLIBRO | ||
| 949 |
_a342.726 Y82 _bBC _cBPP _d868041 _eBPP _h94229 _i86804 _sb |
||
| 999 |
_c76229 _d76229 |
||